000 01076nam2a2200277 4500
001 rc\2989729
005 20110915092515.3
035 _a(NLR Aleph) 007133895
090 _a13613231
_c13613231
100 _a20110915d1940 |||y0rusy50 ca
101 0 _arus
102 _aRU
105 _aa z |||||
200 1 _aСтелажи специального назначения
_hВып. 1
_iСтелажи для инструмента
_f[Сост. И.В. Кузин, Г.К. Май, А.А. Мазуркевич и А.М. Савкин]
210 _d1940
215 _a150 с.
_cчерт.
461 0 _1001rc\2989728
_12001#$aАльбом стелажей$fПод ред. А.М. Савкина$gЦНИИТМаш. Оргоборонпром$vРаздел 2
702 1 _aКузин
_bИ. В.
_4220
702 1 _aМай
_bГ. К.
_4220
702 1 _aМазуркевич
_bА. А.
_4220
702 1 _aСавкин
_bА. М.
_gАлексей Матвеевич
_4220
801 0 _aRU
_bNLR
_gpsbo
801 1 _aRU
_bELAR
_2rusmarc
852 _aNLR
_j40-21/11(1)
942 _cBOOK
980 _aNB